Eurovision 2025 Songs by First Line - Statistics

General Stats
  • This quiz has been taken 2,999 times
  • The average score is 22 of 37
Answer Stats
Hint Answer % Correct
Ich ballalalalalalaler Löcher in die Nacht Germany
89%
C'est la vie Netherlands
85%
Mi amore Estonia
83%
Volevo essere un duro Italy
82%
I'm an ocean of love Austria
81%
Strobe lights, gettin' lost in your eyes Belgium
81%
Róandi hér, róandi þar Iceland
79%
Si tu n'vois en moi qu'une poupée parfaite Luxembourg
78%
Come and take a sip from my special cup Australia
75%
Blow me a kiss goodbye Czechia
74%
Bur man, bur man, bur man, bur man Latvia
74%
I've got a secret you should know Malta
73%
Asteri mou Greece
71%
Nåjaa Sweden
71%
Desde que era bien pequeña Spain
68%
Someone lost a shoe United Kingdom
66%
Y'a plus d'amants France
64%
Në këtë minutë, në këtë çast no paranoia Albania
60%
Conto os dias para mim Portugal
58%
Mamma stasera non ritorno San Marino
54%
You show me more Denmark
53%
On yö, sydän lyö Finland
53%
I've got golden locks and eyes so captivating Cyprus
52%
Our baby boy Slovenia
47%
Mes yeux candides découvrent le monde Switzerland
47%
It's cool now in the kitchen Croatia
44%
And even if you say goodbye Israel
44%
You have probably heard Ireland
43%
Zaide-zaidesh i do mene, moia ptashka Ukraine
43%
Golden girl dressed in ice Norway
42%
I got my bad shades on Armenia
40%
Tuščios kalbos tik didina ugnį Lithuania
40%
Ranisz moje serce Ty Poland
40%
Rhythm pulls me out Azerbaijan
37%
Budi se noć koja je kriva Montenegro
35%
Neka bude mi Serbia
34%
Tavisupleba Georgia
22%
No matching quizzes found
Score Distribution
Percent of People with Each Score
Percentile by Number Answered
Your Score History
You have not taken this quiz